Documentos sobre aspectos institucionales de la integración centroamericana
Análisis sobre los órganos de decisión en el Mercado Común Centroamericano, dentro del marco de la crisis institucional dada a partir de julio de 1969. Estudia los órganos provisionales (reuniones de ministros de relaciones exteriores, reuniones de ministros de economía, comisión normalizadora, y re...
Salvato in:
| Natura: | Sconosciuto |
|---|---|
| Pubblicazione: |
San José:
ICAP
|
| Soggetti: | |
| Tags: |
Aggiungi Tag
Nessun Tag, puoi essere il primo ad aggiungerne!!
|
MARC
| LEADER | 00000 a2200000 04500 | ||
|---|---|---|---|
| 001 | 19535 | ||
| 003 | |||
| 008 | 991231s d | ||
| 040 | |||
| 090 | |a 077403 | ||
| 245 | |a Documentos sobre aspectos institucionales de la integración centroamericana | ||
| 260 | |a San José: |b ICAP | ||
| 300 | |a pag. irr.; 1 vol. | ||
| 520 | |a Análisis sobre los órganos de decisión en el Mercado Común Centroamericano, dentro del marco de la crisis institucional dada a partir de julio de 1969. Estudia los órganos provisionales (reuniones de ministros de relaciones exteriores, reuniones de ministros de economía, comisión normalizadora, y reunión tripartita). Comenta los aspectos que podrían servir de base para configurar un nuevo marco institucional. ALLV | ||
| 650 | |a INTEGRACION ECONOMICA | ||
| 650 | |a MARCO INSTITUCIONAL | ||
| 650 | |a MCCA | ||
| 999 | |c 7671 |d 7671 | ||
